Figures of the Middle Ages - Statistics

General Stats
  • This quiz has been taken 1,344 times
  • The average score is 10 of 15
Answer Stats
Hint Answer % Correct
Heroine who was burned at the stake (1412-1431) 1412-1431 France Joan of Arc
96%
Mythical king of Briton, ruled from Camelot ? England Arthur
92%
Lion-Hearted king who travelled on the Third Crusade 1157-1199 England Richard the Lion-Hearted
91%
Ruthless king of nomadic raiders who established history's largest land empire 1162-1227 Mongolia Genghis Khan
86%
Merchant who left Europe to "discover" Asia to write about it in a book 1254-1324 Italy Marco Polo
86%
Poet who wrote about the experiences of hell, purgatory and heaven 1265-1321 Italy Dante
81%
Poet who wrote "The Canterbury Tales" 1343-1400 England Chaucer
71%
Christian King of France who conquered France an invented feudalism 748-814 France Charlemagne
70%
Norman King who conquered England 1028-1087 France/ England William
69%
Arab merchant who founded one of the world's great religions 570-632 Arabia Mohammed
67%
Pope, famous for his chants 540-604 Italy Gregory the First
62%
Byzantine emperor who built a small empire and made new laws 482–565 Byzantium Justinian
57%
King who expanded literacy among his people (849–899) 879-899 England Alfred the Great
50%
Theologian, considered the Catholic Church's greatest scholar 1225-1274 Italy Thomas Aquinas
36%
Nun who wrote liturgy for the church 1098–1179 Germany Hildegard
17%
No matching quizzes found
Score Distribution
Percent of People with Each Score
Percentile by Number Answered
Your Score History
You have not taken this quiz